LEADER 00000nam a2200000 i 4500
001 115766
003 CZ ZlUTB
005 20260605163150.0
007 ta
008 260112s2026 xr ach f 001 0 cze
015 |a cnb003735682 
020 |a 978-80-7694-144-1  |q (brožováno) 
040 |a ABA001  |b cze  |d BOA001  |e rda 
041 0 |a cze  |b eng 
045 |a x-y- 
072 7 |a 82  |x Literatura. Literární život  |2 Konspekt  |9 11 
080 |a 821.162.3  |2 MRF 
080 |a 821(100)  |2 MRF 
080 |a 82.07  |2 MRF 
080 |a 82:316.3  |2 MRF 
080 |a 316.7  |2 MRF 
080 |a 72/76  |2 MRF 
080 |a (082)  |2 MRF 
080 |a (082.2)  |2 MRF 
245 0 0 |a Slova barev :  |b materialita literární a kulturní historie /  |c Petr A. Bílek, Martina Halamová (eds.) a kolektiv autorů 
250 |a Vydání první 
264 1 |a České Budějovice :  |b Nakladatelství Jihočeské univerzity v Českých Budějovicích,  |c 2026 
300 |a 255 stran :  |b ilustrace (převážně barevné), portréty, faksimile ;  |c 21 cm 
336 |a text  |b txt  |2 rdacontent 
337 |a bez média  |b n  |2 rdamedia 
338 |a svazek  |b nc  |2 rdacarrier 
504 |a Obsahuje bibliografie, bibliografické odkazy a rejstřík 
546 |a Anglické resumé 
600 1 7 |a Bauer, Michal,  |d 1966-  |7 jo2001100070  |2 czenas 
648 7 |a 20.-21. století  |7 ch462155  |2 czenas 
650 0 7 |a česká literatura  |7 ph116858  |y 20.-21. století  |2 czenas 
650 0 7 |a světová literatura  |7 ph116360  |y 20.-21. století  |2 czenas 
650 0 7 |a interpretace a přijetí literárního díla  |7 ph137145  |2 czenas 
650 0 7 |a literatura a společnost  |7 ph122371  |y 20.-21. století  |2 czenas 
650 0 7 |a kultura  |7 ph122009  |y 20.-21. století  |2 czenas 
650 0 7 |a umění  |7 ph116538  |y 20.-21. století  |2 czenas 
650 0 9 |a Czech literature  |y 20th-21st centuries  |2 eczenas 
650 0 9 |a world literature  |y 20th-21st centuries  |2 eczenas 
650 0 9 |a interpretation and reception of literature  |2 eczenas 
650 0 9 |a literature and society  |y 20th-21st centuries  |2 eczenas 
650 0 9 |a culture  |y 20th-21st centuries  |2 eczenas 
650 0 9 |a art  |y 20th-21st centuries  |2 eczenas 
655 7 |a sborníky  |7 fd163935  |2 czenas 
655 7 |a jubilejní publikace  |7 fd131839  |2 czenas 
655 9 |a papers of several authors  |2 eczenas 
655 9 |a jubilee books  |2 eczenas 
700 1 |a Bílek, Petr A.,  |d 1962-  |7 jn19981000425  |4 edt 
700 1 |a Halamová, Martina,  |d 1975-  |7 xx0030573  |4 edt 
710 2 |a Jihočeská univerzita  |7 kn20010711208  |4 pbl 
910 |a ZLD002 
928 9 |a Jihočeská univerzita v Českých Budějovicích 
942 |2 udc 
952 |0 0  |1 0  |4 0  |5 0  |6 82088SLOVA  |7 -1  |8 BOOK  |9 191465  |a UTBZL  |b UTBZL  |c 006  |d 2026-06-05  |l 0  |o 820/88/SLOVA  |p 420010202245  |r 2026-06-05 16:32:38  |v 390.00  |w 2026-06-05  |x N:nákup  |y 04 
992 |a BK  |b SKNEW 
999 |c 115766  |d 115766